书目信息 |
| 题名: |
无穷分析引论
|
|
| 作者: | 欧拉 著 ;张延伦 译 | |
| 分册: | 上册 | |
| 出版信息: | 山西 山西教育出版社 1997 |
|
| 页数: | 377页 | |
| 开本: | 20cm | |
| 丛书名: | ||
| 单 册: | ||
| 中图分类: | O173 | |
| 科图分类: | ||
| 主题词: | 数学分析 | |
| 电子资源: | ||
| ISBN: | 7-5440-0960-2 | |
| 000 | 00566nam0 2200193 450 | |
| 001 | 0732828906 | |
| 005 | 20070903090708.90 | |
| 010 | @a7-5440-0960-2@d¥14.20 | |
| 100 | @a20070903d km y0chiy0120 ea | |
| 101 | 0 | @achi |
| 200 | 1 | @a无穷分析引论@Awu qiong fen xi yin lun@h上册@f欧拉著@Fou la zhu@g张延伦译@Gzhang yan lun yi |
| 210 | @a山西@c山西教育出版社@d1997 | |
| 215 | @a377页@d20cm | |
| 606 | 0 | @a数学分析 |
| 690 | @aO173@v3 | |
| 701 | 0 | @a欧拉@Aou la@4著 |
| 702 | 0 | @a张延伦@Azhang yan lun@4译 |
| 801 | 0 | @aCN@bPFT@c20070903 |
| 905 | @a213230@dO173@eS143:1@f1 | |
| 无穷分析引论.上册/欧拉著/张延伦译.-山西:山西教育出版社,1997 |
| 377页;20cm |
| ISBN 7-5440-0960-2:¥14.20 |
| ● |
| 相关链接 |
|
|
|
|
正题名:无穷分析引论
索取号:O173/S143:1
 
预约/预借
| 序号 | 登录号 | 条形码 | 馆藏地/架位号 | 状态 | 备注 |
| 1 | 6702333 | 267023339 | 密集书库-数信学院/ [索取号:O173/S143:1] | 在馆 |